Open traveling salesman problem with time windows

Guardado en:
Detalles Bibliográficos
Autor principal: Čičková, Zuzana, 1978-
Otros Autores: Brezina, Ivan, 1963-, Pekár, Juraj, 1972-
Formato: Capítulo de libro
Lenguaje:inglés
Etiquetas: Agregar Etiqueta
Sin Etiquetas, Sea el primero en etiquetar este registro!

MARC

LEADER 00000naa$a2200000$$$4500
001 0180481
005 20240502083424.5
041 0 |a eng 
044 |a RS 
245 1 0 |a Open traveling salesman problem with time windows  |c Zuzana Čičková, Ivan Brezina, Juraj Pekár 
100 1 |a Čičková, Zuzana, 1978- 
700 1 |a Brezina, Ivan, 1963- 
700 1 |a Pekár, Juraj, 1972-